[Event "Open Portugal 2019"]
[Site "Lisboa POR"]
[Date "2019.02.08"]
[Round "8.104"]
[White "Pereira, André Marques"]
[Black "Serafim Junior, Arnor"]
[Result "1/2-1/2"]
[WhiteElo "1604"]
[BlackElo "1876"]
[WhiteFideId "2116774"]
[BlackFideId "2130750"]
[WhiteCountry "POR"]
[BlackCountry "BRA"]
[PlyCount "130"]
[EventDate "2019.02.02"]

1. d4 Nf6 2. Nf3 d6 3. g3 Nbd7 4. Bg2 e5 5. dxe5 dxe5 6. O-O Be7 7. b3 c6 8. Bb2
Qc7 9. Nc3 O-O 10. a3 a5 11. h4 Re8 12. Ng5 Nf8 13. Qc1 Bg4 14. Re1 Rad8 15. Nd1
Bc5 16. Ne3 Bc8 17. Ne4 Nxe4 18. Bxe4 Qb6 19. Kg2 Qc7 20. Nf5 Ne6 21. h5 Nd4 22.
Nxd4 exd4 23. Bf3 Be7 24. c4 Bf6 25. Qc2 Qd7 26. Rh1 Qf5 27. Qxf5 Bxf5 28. g4
Be4 29. b4 Bxf3+ 30. Kxf3 axb4 31. axb4 Re6 32. Rhe1 Rde8 33. Kg2 g6 34. h6 Re4
35. Kf3 Kf8 36. b5 Bg5 37. Ba3+ Kg8 38. bxc6 bxc6 39. Bc1 Bxc1 40. Rexc1 Rxe2
41. Rd1 c5 42. Ra5 R2e5 43. Rd3 f6 44. Rb3 R8e7 45. Ra8+ Re8 46. Ra7 R5e7 47.
Ra6 Kf7 48. Rc6 Re5 49. Rb7+ R8e7 50. Rb8 d3 51. Rd8 g5 52. Rxd3 R7e6 53. Rc7+
Re7 54. Rc6 f5 55. gxf5 Rxf5+ 56. Kg3 Re6 57. Rd7+ Re7 58. Rxe7+ Kxe7 59. Rc7+
Kf6 60. Rxh7 Kg6 61. Rh8 Rf4 62. Rc8 Rxc4 63. Rc6+ Kh7 64. f3 Rh4 65. Rxc5 Kxh6
1/2-1/2

[Event "Open Portugal 2019"]
[Site "Lisboa POR"]
[Date "2019.02.08"]
[Round "8.105"]
[White "Gaudin, Bruno"]
[Black "Marcos Herrero, Francisco"]
[Result "0-1"]
[WhiteElo "1558"]
[BlackElo "1837"]
[WhiteFideId "647861"]
[BlackFideId "2279045"]
[WhiteCountry "FRA"]
[BlackCountry "ESP"]
[PlyCount "86"]
[EventDate "2019.02.02"]

1. e4 c5 2. c3 d5 3. exd5 Qxd5 4. Nf3 g6 5. d4 Bg7 6. Be2 Nf6 7. c4 Qd8 8. O-O
cxd4 9. Nxd4 O-O 10. Re1 e5 11. Nb5 Nc6 12. N1c3 Be6 13. Qxd8 Raxd8 14. Na3 Nd4
15. Bf1 Nd7 16. f4 Rc8 17. fxe5 Nxe5 18. Nd5 Rfe8 19. Bg5 Ndf3+ 20. gxf3 Nxf3+
21. Kf2 Nxg5 22. Nb5 Bxd5 23. cxd5 Ne4+ 24. Kf3 f5 25. Rad1 Rc2 26. Re2 Rxe2 27.
Bxe2 a6 28. Nc7 Ng5+ 29. Kf2 Rd8 30. h4 Ne4+ 31. Kf3 Bxb2 32. Bc4 Kh8 33. Ne6
Rd6 34. Kf4 b5 35. Bb3 Bf6 36. Rc1 h5 37. Rc8+ Kh7 38. Rc7+ Kh6 39. Rc8 Nd2 40.
Rf8 Bb2 41. Rf7 Nxb3 42. axb3 Rxd5 43. Ng5 Bc1+ 0-1

[Event "Open Portugal 2019"]
[Site "Lisboa POR"]
[Date "2019.02.08"]
[Round "8.106"]
[White "Maselli, Daniel"]
[Black "Paletta, Giuseppe"]
[Result "1-0"]
[WhiteElo "1816"]
[BlackElo "1620"]
[WhiteFideId "2814140"]
[BlackFideId "804185"]
[WhiteCountry "ITA"]
[BlackCountry "ITA"]
[PlyCount "93"]
[EventDate "2019.02.02"]

1. d4 b6 2. Nf3 Bb7 3. Bf4 e6 4. Nbd2 d6 5. e3 Nd7 6. Be2 Qe7 7. O-O f6 8. h3 e5
9. Bh2 Nh6 10. Bc4 g5 11. dxe5 fxe5 12. e4 g4 13. hxg4 Nxg4 14. Bg3 Ndf6 15. Ng5
h5 16. Bh4 Bg7 17. Bf7+ Kf8 18. Bb3 Bc8 19. Ndf3 Nh6 20. Bd5 Rb8 21. a4 Ke8 22.
Bc4 Bg4 23. Qd3 Bd7 24. b4 Kf8 25. b5 Qe8 26. Rfb1 Qc8 27. Qb3 Qe8 28. Re1 Ke7
29. Be6 Rd8 30. Bc4 Rb8 31. Be6 Rd8 32. Bc4 Rb8 33. Reb1 Rd8 34. a5 Rb8 35. axb6
axb6 36. Ra7 Qc8 37. Rba1 Kf8 38. Ne6+ Bxe6 39. Bxe6 Qd8 40. Qc4 Nhg8 41. Rxc7
Ne7 42. Raa7 d5 43. exd5 Qd6 44. Rxe7 Qxe7 45. Rxe7 Kxe7 46. Qc7+ Kf8 47. Qf7#
1-0

[Event "Open Portugal 2019"]
[Site "Lisboa POR"]
[Date "2019.02.08"]
[Round "8.107"]
[White "Alonso Rodríguez, Tristán"]
[Black "Basílio, Rodrigo"]
[Result "0-1"]
[WhiteElo "1370"]
[BlackElo "1808"]
[WhiteFideId "24594520"]
[BlackFideId "1941380"]
[WhiteCountry "ESP"]
[BlackCountry "POR"]
[PlyCount "100"]
[EventDate "2019.02.02"]

1. e4 c5 2. b3 d6 3. Bb2 Nf6 4. d3 Nc6 5. Nf3 g6 6. g3 Bg7 7. Bg2 O-O 8. Nbd2
Qc7 9. Qe2 Nd7 10. Bxg7 Kxg7 11. O-O b5 12. c4 bxc4 13. dxc4 a5 14. h4 Nf6 15.
Nh2 Nd4 16. Qd3 Bg4 17. Nxg4 Nxg4 18. Nf3 Nxf3+ 19. Bxf3 Ne5 20. Qc3 h5 21. Bg2
Kh7 22. Rad1 Rab8 23. Bh3 a4 24. Rb1 Nc6 25. Rb2 Nd4 26. b4 Rxb4 27. Qxd4 cxd4
28. Rxb4 Qc6 29. Bg2 e5 30. Rfb1 Kg7 31. Kf1 Rc8 32. Ke2 Rc7 33. Kd3 f5 34. R1b2
Qc5 35. f3 a3 36. R2b3 d5 37. exd5 Qd6 38. Rb5 e4+ 39. Kxd4 Qf6+ 40. Ke3 Rxc4
41. fxe4 Qd4+ 42. Kf4 fxe4 43. Rb7+ Kh6 44. Rf7 Qf2+ 45. Bf3 exf3+ 46. Ke5 Qxg3+
47. Ke6 Ra4 48. Rbxf3 Ra6+ 49. Ke7 Qd6+ 50. Ke8 Ra8# 0-1

[Event "Open Portugal 2019"]
[Site "Lisboa POR"]
[Date "2019.02.08"]
[Round "8.109"]
[White "Marques, Gilles"]
[Black "García Ortega, Manuel"]
[Result "1/2-1/2"]
[WhiteElo "1545"]
[BlackElo "1785"]
[WhiteFideId "665517"]
[BlackFideId "2227533"]
[WhiteCountry "FRA"]
[BlackCountry "ESP"]
[PlyCount "54"]
[EventDate "2019.02.02"]

1. d4 Nf6 2. c4 d5 3. Nc3 c6 4. e3 Bf5 5. Qb3 Qb6 6. Qxb6 axb6 7. cxd5 Nxd5 8.
Nxd5 cxd5 9. Nf3 h6 10. Bd2 f6 11. Bb5+ Bd7 12. Bd3 Kf7 13. Nh4 g5 14. Ng6 Rg8
15. Nxf8 Rxf8 16. Bb4 Nc6 17. Bc3 e6 18. Bb5 Rfd8 19. Bd3 b5 20. O-O b4 21. Bd2
Ra5 22. a3 Rda8 23. Rac1 Ra4 24. Bb5 bxa3 25. Bxa4 axb2 26. Rb1 Rxa4 27. Rxb2
Ra7 1/2-1/2

[Event "Open Portugal 2019"]
[Site "Lisboa POR"]
[Date "2019.02.08"]
[Round "8.110"]
[White "Le Gall, Eric"]
[Black "Amaral, Fernando"]
[Result "1-0"]
[WhiteElo "1758"]
[BlackElo "1528"]
[WhiteFideId "636690"]
[BlackFideId "1931288"]
[WhiteCountry "FRA"]
[BlackCountry "POR"]
[PlyCount "43"]
[EventDate "2019.02.02"]

1. e4 c5 2. c3 Nf6 3. e5 Nd5 4. Nf3 Nc6 5. d4 cxd4 6. Bc4 e6 7. O-O Nb6 8. Bb3
d6 9. cxd4 Be7 10. Nc3 O-O 11. Bf4 dxe5 12. dxe5 Na5 13. Rc1 Bd7 14. Bc2 Bb4 15.
Qd3 g6 16. Ne4 Nd5 17. Bh6 Re8 18. Nfg5 Bf8 19. Qh3 Nf4 20. Qh4 Nh5 21. Bxf8
Rxf8 22. Nf6+ 1-0

[Event "Open Portugal 2019"]
[Site "Lisboa POR"]
[Date "2019.02.08"]
[Round "8.111"]
[White "Vedor, Bernardo"]
[Black "Antunes, André"]
[Result "0-1"]
[WhiteElo "1650"]
[BlackElo "1518"]
[WhiteFideId "1953540"]
[BlackFideId "1936328"]
[WhiteCountry "POR"]
[BlackCountry "POR"]
[PlyCount "32"]
[EventDate "2019.02.02"]

1. e4 c5 2. Nf3 Nc6 3. d4 cxd4 4. Nxd4 g6 5. c4 Bg7 6. Be3 Nf6 7. Nc3 O-O 8. Be2
d6 9. f3 Qb6 10. Nxc6 Qxc6 11. O-O Qc7 12. Rc1 Bd7 13. Qd2 Rfc8 14. Rc2 Bc6 15.
Nd5 Bxd5 16. cxd5 Qxc2 0-1

[Event "Open Portugal 2019"]
[Site "Lisboa POR"]
[Date "2019.02.08"]
[Round "8.112"]
[White "Gonçalves, Carlos"]
[Black "Dong, Fábio"]
[Result "1-0"]
[WhiteElo "1644"]
[BlackElo "1491"]
[WhiteFideId "1912879"]
[BlackFideId "1958020"]
[WhiteCountry "POR"]
[BlackCountry "POR"]
[PlyCount "61"]
[EventDate "2019.02.02"]

1. Nf3 Nf6 2. g3 d5 3. Bg2 c6 4. O-O Bf5 5. d3 e6 6. Nbd2 h6 7. c3 Be7 8. Re1
O-O 9. a4 Nbd7 10. Qc2 a5 11. e4 Bh7 12. exd5 cxd5 13. Nf1 Qc7 14. Be3 Rac8 15.
Qd2 Nc5 16. Bxc5 Qxc5 17. Ne3 Rfd8 18. Rec1 Qc7 19. Ne1 Nd7 20. d4 Nb6 21. h4
Nc4 22. Qe2 Qb6 23. Nxd5 Bd6 24. Nxb6 Nxb6 25. Bxb7 Rb8 26. Be4 Bxe4 27. Qxe4
Nc4 28. Rc2 Nxb2 29. Rb1 Nxa4 30. Rxb8 Bxb8 31. Qc6 1-0

[Event "Open Portugal 2019"]
[Site "Lisboa POR"]
[Date "2019.02.08"]
[Round "8.113"]
[White "Funk, Matthias"]
[Black "Gonçalves, Samuel"]
[Result "0-1"]
[WhiteElo "1492"]
[BlackElo "1637"]
[WhiteFideId "1901990"]
[BlackFideId "1945130"]
[WhiteCountry "POR"]
[BlackCountry "POR"]
[PlyCount "116"]
[EventDate "2019.02.02"]

1. c4 Nf6 2. Nc3 e6 3. d4 Bb4 4. f3 d6 5. a3 Bxc3+ 6. bxc3 O-O 7. Bg5 h6 8. Bh4
g5 9. Bg3 Kg7 10. e3 b6 11. Bd3 Nc6 12. Nh3 Nh5 13. f4 Nxg3 14. hxg3 Rh8 15. Qh5
f5 16. Kd2 g4 17. Nf2 Qe8 18. e4 Na5 19. Rae1 Nb3+ 20. Ke2 e5 21. d5 a5 22. Kf1
exf4 23. gxf4 g3 24. Qxe8 Rxe8 25. Nd1 Nd2+ 26. Ke2 Nxe4 27. Kf3 Ba6 28. Re2 Re7
29. Ne3 Rf8 30. Rh3 Bc8 31. Nd1 Ref7 32. Re1 a4 33. Reh1 Rf6 34. Rh4 Re8 35. Rh5
Bd7 36. R1h3 Re7 37. Bc2 Rg6 38. Bxe4 fxe4+ 39. Ke3 Bxh3 40. Rxh3 Kf6 41. Rh5
Rg4 42. Rxh6+ Kg7 43. Re6 Rxe6 44. dxe6 Kf6 45. Kxe4 Kxe6 46. Ne3 Rg7 47. f5+
Kd7 48. Kf4 c6 49. Nf1 Rh7 50. Kxg3 Ke7 51. Kf4 Rh4+ 52. g4 Rh1 53. Nd2 Rc1 54.
Ne4 d5 55. cxd5 cxd5 56. Ng3 Rxc3 57. g5 Rxa3 58. g6 Rxg3 0-1

[Event "Open Portugal 2019"]
[Site "Lisboa POR"]
[Date "2019.02.08"]
[Round "8.114"]
[White "Fonseca, Pedro"]
[Black "Correia, Pedro Mourão"]
[Result "1-0"]
[WhiteElo "1610"]
[BlackElo "1480"]
[WhiteFideId "1955624"]
[BlackFideId "1959522"]
[WhiteCountry "POR"]
[BlackCountry "POR"]
[PlyCount "91"]
[EventDate "2019.02.02"]

1. e4 c6 2. Nc3 d5 3. Nf3 dxe4 4. Nxe4 Nd7 5. d4 Ngf6 6. Ng3 Nb6 7. h3 e6 8. Bd3
Bd6 9. Ne4 Nxe4 10. Bxe4 Qc7 11. b3 Nd5 12. Bb2 Bb4+ 13. Nd2 Nc3 14. Qf3 Nxe4
15. Qxe4 Qa5 16. Qd3 O-O 17. c3 Be7 18. O-O b5 19. a4 Qb6 20. axb5 cxb5 21. c4
Rd8 22. Qe2 Bb7 23. c5 Qc6 24. f3 Rd5 25. b4 Rg5 26. Nb3 Qc7 27. Bc1 Rg6 28. Be3
Bd5 29. Nc1 Qg3 30. Kh1 Bh4 31. Qf2 Bf6 32. Qxg3 Rxg3 33. Ne2 Rg6 34. Nf4 Bxd4
35. Bxd4 Bc4 36. Nxg6 hxg6 37. Rfe1 Rd8 38. Rad1 Bb3 39. Rd2 Ba4 40. Be3 Re8 41.
Rd7 a6 42. Rd6 a5 43. bxa5 Ra8 44. c6 Rc8 45. Bb6 Kh7 46. c7 1-0

[Event "Open Portugal 2019"]
[Site "Lisboa POR"]
[Date "2019.02.08"]
[Round "8.115"]
[White "Barros, Arlindo"]
[Black "Voges, Guilherme"]
[Result "0-1"]
[WhiteElo "1603"]
[BlackElo "1455"]
[WhiteFideId "23600640"]
[BlackFideId "1947680"]
[WhiteCountry "CPV"]
[BlackCountry "POR"]
[PlyCount "118"]
[EventDate "2019.02.02"]

1. e4 e5 2. Nf3 Nc6 3. Bc4 Bc5 4. c3 d6 5. d4 exd4 6. cxd4 Bb4+ 7. Nc3 h6 8. a3
Bxc3+ 9. bxc3 Nf6 10. d5 Ne5 11. Nxe5 dxe5 12. O-O O-O 13. Re1 Bd7 14. Rb1 Rb8
15. Bd3 Qe7 16. c4 Ng4 17. h3 Nf6 18. Bd2 Rfe8 19. Bb4 Qd8 20. Qf3 Nh7 21. Qg3
Qf6 22. Re3 b6 23. Be2 Rbd8 24. h4 a5 25. Rf3 Qg6 26. Qxg6 fxg6 27. Bc3 Nf6 28.
Bd3 Nh5 29. g3 Nf6 30. Re3 Ng4 31. Re2 Rf8 32. Rf1 Rf3 33. Rd2 Rdf8 34. Bb2 R8f6
35. Be2 Rxf2 36. Rxf2 Nxf2 37. Bxe5 Nxe4 38. Rd4 Nc3 39. Rd2 Nxe2+ 40. Rxe2 Rf7
41. Bxc7 b5 42. cxb5 Bxb5 43. Rb2 Rxc7 44. Rxb5 Ra7 45. d6 Kf7 46. Rd5 a4 47.
Kf2 Rd7 48. Ra5 Rxd6 49. Rxa4 Ke6 50. Ra7 Kf6 51. a4 Rd2+ 52. Ke3 Rg2 53. Kf3
Ra2 54. a5 g5 55. h5 Ra3+ 56. Kg2 Ra2+ 57. Kh3 Kf5 58. a6 g4+ 59. Kh4 Rh2# 0-1

[Event "Open Portugal 2019"]
[Site "Lisboa POR"]
[Date "2019.02.08"]
[Round "8.116"]
[White "Aizpurua Zufiria, Iñaki"]
[Black "Almeida, Rui Pedro"]
[Result "0-1"]
[WhiteElo "1434"]
[BlackElo "1583"]
[WhiteFideId "2269791"]
[BlackFideId "1949616"]
[WhiteCountry "ESP"]
[BlackCountry "POR"]
[PlyCount "76"]
[EventDate "2019.02.02"]

1. f4 e6 2. Nf3 Nf6 3. e3 d5 4. b3 Be7 5. Bb2 c5 6. Bb5+ Bd7 7. Bxd7+ Nbxd7 8.
O-O O-O 9. d3 Qb6 10. Kh1 c4 11. Nd4 cxd3 12. cxd3 Rac8 13. Nc3 Nc5 14. Rf2 Rfe8
15. Rc2 a6 16. Rac1 Rcd8 17. h3 Bd6 18. Nf3 Ncd7 19. Qg1 e5 20. Na4 Qa7 21. fxe5
Nxe5 22. Nxe5 Bxe5 23. Bxe5 Rxe5 24. d4 Ree8 25. Rc7 Qb8 26. R7c2 Ne4 27. Qh2
Ng3+ 28. Kg1 Rxe3 29. Kf2 Rde8 30. Rf1 Nxf1 31. Qxb8 Rxb8 32. Kxf1 Rbe8 33. Kg1
Re1+ 34. Kh2 g6 35. Nc3 h5 36. Nxd5 Rd8 37. Ne7+ Kg7 38. d5 Rd7 0-1

[Event "Open Portugal 2019"]
[Site "Lisboa POR"]
[Date "2019.02.08"]
[Round "8.117"]
[White "Cavadas, José"]
[Black "Costa, Fábio"]
[Result "1-0"]
[WhiteElo "1580"]
[BlackElo "1279"]
[WhiteFideId "1904990"]
[BlackFideId "1961063"]
[WhiteCountry "POR"]
[BlackCountry "POR"]
[PlyCount "65"]
[EventDate "2019.02.02"]

1. d4 Nf6 2. Nf3 e6 3. c4 d5 4. Nc3 Be7 5. Bg5 Nbd7 6. e3 O-O 7. Bd3 h6 8. Bh4
c6 9. O-O b6 10. Rc1 Bb7 11. cxd5 Nxd5 12. Bxe7 Nxe7 13. Ne4 Nf5 14. Qe2 Qc7 15.
Rfe1 Rac8 16. Bb1 Nd6 17. Ng3 Qb8 18. e4 c5 19. e5 Ne8 20. Qd3 g6 21. Nh4 cxd4
22. Nxg6 fxg6 23. Qxg6+ Ng7 24. Nh5 Rf7 25. Qh7+ Kf8 26. Qh8+ Ke7 27. Rxc8 Bxc8
28. Nxg7 Nxe5 29. Qe8+ Kd6 30. Rxe5 Qc7 31. Re1 Rxg7 32. Qh5 Qc6 33. Qe5+ 1-0

[Event "Open Portugal 2019"]
[Site "Lisboa POR"]
[Date "2019.02.08"]
[Round "8.118"]
[White "Yushko, Igor"]
[Black "Santos, Ana P"]
[Result "1-0"]
[WhiteElo "1389"]
[BlackElo "1563"]
[WhiteFideId "14156270"]
[BlackFideId "1921550"]
[WhiteCountry "UKR"]
[BlackCountry "POR"]
[PlyCount "77"]
[EventDate "2019.02.02"]

1. e4 e6 2. d4 d5 3. e5 c5 4. c3 Nc6 5. Nf3 Bd7 6. Be2 Qb6 7. O-O O-O-O 8. dxc5
Bxc5 9. b4 Bf8 10. a4 Qc7 11. Be3 Nxe5 12. Nxe5 Qxe5 13. Bxa7 Bd6 14. g3 h5 15.
Bd4 Qg5 16. h4 Qg6 17. c4 Ne7 18. Bd3 Nf5 19. cxd5 Bxg3 20. Bxf5 Bxh4+ 21. Bxg6
fxg6 22. Qc2+ Kb8 23. Be5+ Ka8 24. Qxg6 exd5 25. Bg3 Bf6 26. Ra2 h4 27. Bh2 h3
28. Qd3 Rh5 29. f4 Bf5 30. Qd1 g6 31. Rd2 d4 32. Na3 d3 33. Nb5 Rh4 34. Bg3 Rg4
35. Kh2 Rd7 36. Kxh3 Rh7+ 37. Kg2 Be4+ 38. Kf2 g5 39. Qxg4 1-0

[Event "Open Portugal 2019"]
[Site "Lisboa POR"]
[Date "2019.02.08"]
[Round "8.119"]
[White "Dong, Rafael"]
[Black "Lages, Duarte"]
[Result "1/2-1/2"]
[WhiteElo "1363"]
[BlackElo "1558"]
[WhiteFideId "1958038"]
[BlackFideId "2161680"]
[WhiteCountry "POR"]
[BlackCountry "POR"]
[PlyCount "141"]
[EventDate "2019.02.02"]

1. c4 e5 2. g3 Nc6 3. Bg2 f5 4. Nc3 Nge7 5. e3 g6 6. Nge2 Bg7 7. a3 a5 8. Rb1 e4
9. d4 exd3 10. Qxd3 Ne5 11. Qc2 Nxc4 12. Nb5 d5 13. b3 c6 14. bxc4 cxb5 15. cxb5
Be6 16. Bb2 O-O 17. Bxg7 Kxg7 18. Qb2+ Kg8 19. Nf4 Bf7 20. O-O g5 21. Nd3 Qd6
22. Ne5 Be8 23. Nf3 h6 24. Nd4 Bg6 25. Rbc1 Rac8 26. Rxc8 Nxc8 27. Nb3 a4 28.
Nd2 Nb6 29. Rc1 f4 30. exf4 gxf4 31. Qd4 Be8 32. Nc4 Nxc4 33. Bxd5+ Bf7 34.
Bxf7+ Rxf7 35. Rxc4 Qxa3 36. Rc8+ Rf8 37. Qd5+ Kg7 38. Rc7+ Kg6 39. Qe6+ Rf6 40.
Qg8+ Kh5 41. Qe8+ Rg6 42. Qe5+ Rg5 43. Qe8+ Kg4 44. Qe6+ Rf5 45. Rg7+ Kf3 46.
Qe1 Re5 47. Qd1+ Ke4 48. Qe2+ Kd4 49. Qd2+ Kc5 50. Rc7+ Kb6 51. Qd4+ Rc5 52.
Qd6+ Kxb5 53. Rxb7+ Kc4 54. Qxf4+ Kd5 55. Qf7+ Kd4 56. Rd7+ Kc3 57. Qf3+ Kb2 58.
Rb7+ Ka2 59. Qe2+ Ka1 60. Kg2 Qc1 61. Rd7 Rc2 62. Qe5+ Qb2 63. Rd1+ Ka2 64. Qe6+
Qb3 65. Qxh6 a3 66. Qf6 Qb7+ 67. Kg1 Qb2 68. Qe6+ Qb3 69. Qe5 Qc3 70. Qd5+ Kb2
71. Qb5+ 1/2-1/2

[Event "Open Portugal 2019"]
[Site "Lisboa POR"]
[Date "2019.02.08"]
[Round "8.120"]
[White "Florissi, Aldo"]
[Black "Bártolo, Diogo"]
[Result "1-0"]
[WhiteElo "1468"]
[BlackElo "1226"]
[WhiteFideId "28513428"]
[BlackFideId "1946757"]
[WhiteCountry "ITA"]
[BlackCountry "POR"]
[PlyCount "77"]
[EventDate "2019.02.02"]

1. e4 e5 2. Nf3 Nf6 3. Nc3 Nc6 4. Bb5 Nd4 5. Bc4 Bd6 6. O-O O-O 7. d3 h6 8. Nxd4
exd4 9. Ne2 Be5 10. f4 Ng4 11. fxe5 Nxe5 12. Bb3 c5 13. Bf4 d6 14. Bxe5 dxe5 15.
Rf3 Be6 16. Rg3 Qb6 17. Qd2 c4 18. Bxc4 Bxc4 19. dxc4 d3+ 20. Kh1 dxe2 21. Qxe2
g5 22. Rf1 f6 23. h4 Kg7 24. Rf5 Rf7 25. Kh2 Raf8 26. Qh5 Rh8 27. hxg5 Kf8 28.
g6 Rg7 29. Qf3 Ke7 30. Qh5 Qxb2 31. Rb3 Qxc2 32. Rxb7+ Ke6 33. Rxg7 Qxe4 34. Rf3
Qxc4 35. Rf7 Kd5 36. Rd7+ Kc6 37. Rf7 Qxa2 38. R3xf6+ Kd5 39. Qf3+ 1-0

[Event "Open Portugal 2019"]
[Site "Lisboa POR"]
[Date "2019.02.08"]
[Round "8.123"]
[White "Martinho, Alberto"]
[Black "Fonseca, René Gil"]
[Result "0-1"]
[WhiteElo "1237"]
[BlackElo "1343"]
[WhiteFideId "1948784"]
[BlackFideId "1957767"]
[WhiteCountry "POR"]
[BlackCountry "POR"]
[PlyCount "86"]
[EventDate "2019.02.02"]

1. e4 e6 2. Nf3 d5 3. exd5 exd5 4. d4 Bd6 5. Nc3 c6 6. Bd3 Ne7 7. O-O O-O 8. Bg5
f6 9. Bh4 Bf5 10. a4 a5 11. Ne2 Qd7 12. Ng3 Na6 13. c4 Bxd3 14. Qxd3 Nb4 15. Qc3
Rfe8 16. Nh5 Nf5 17. Bxf6 Qf7 18. Be5 Qxh5 19. Bxd6 Nxd6 20. c5 Ne4 21. Qc1 Nxf2
22. Rxf2 Nd3 23. Qd2 Nxf2 24. Qxf2 Re4 25. Qg3 Qg4 26. Qc7 Re2 27. Ne1 Qxd4+ 28.
Kh1 Qf2 29. h3 Rxe1+ 30. Rxe1 Qxe1+ 31. Kh2 Re8 32. Qxb7 Qe5+ 33. Kh1 Rf8 34.
Kg1 Qe3+ 35. Kh2 Qf4+ 36. Kg1 Qf6 37. Qa6 Qxb2 38. Qxc6 Qd4+ 39. Kh2 Qe5+ 40.
Kh1 d4 41. Qb5 Qd5 42. Qxa5 d3 43. Qb5 d2 0-1

[Event "Open Portugal 2019"]
[Site "Lisboa POR"]
[Date "2019.02.08"]
[Round "8.125"]
[White "Anfinsen, Marius"]
[Black "Maissa, Susana"]
[Result "0-1"]
[WhiteElo "1113"]
[BlackElo "1293"]
[WhiteFideId "1546414"]
[BlackFideId "1954202"]
[WhiteCountry "NOR"]
[BlackCountry "POR"]
[PlyCount "122"]
[EventDate "2019.02.02"]

1. e4 c5 2. Nf3 Nc6 3. d4 cxd4 4. Nxd4 Qb6 5. Nxc6 Qxc6 6. Bd3 g6 7. O-O Bg7 8.
c4 d6 9. Nc3 Nf6 10. c5 O-O 11. cxd6 exd6 12. Qe2 a6 13. Bd2 Be6 14. Rac1 Qd7
15. h3 Nh5 16. Bb1 Rfe8 17. b3 b5 18. Qf3 Qe7 19. Rfe1 Qf6 20. Qxf6 Bxf6 21. Nd5
Bxd5 22. exd5 Be5 23. a4 Nf6 24. Be4 Nxe4 25. Rxe4 f5 26. Ree1 Ra7 27. Bf4 Rae7
28. Bxe5 Rxe5 29. Rxe5 Rxe5 30. Rd1 Kf7 31. axb5 axb5 32. f4 Re3 33. Rc1 Kf6 34.
Rc6 Ke7 35. Rc7+ Kf6 36. Rxh7 Rxb3 37. Kf2 Rd3 38. g4 Rxd5 39. g5+ Ke6 40. Rg7
b4 41. Rxg6+ Kf7 42. Rf6+ Kg7 43. Re6 b3 44. Re1 Rd3 45. Rb1 Rxh3 46. Ke2 d5 47.
Kf2 d4 48. Ke2 d3+ 49. Kd2 Rf3 50. Rxb3 Rxf4 51. Rxd3 Kg6 52. Rg3 Rg4 53. Rd3
Kxg5 54. Rd5 Re4 55. Kd3 Kg4 56. Rc5 Ra4 57. Ke2 f4 58. Kf2 Ra2+ 59. Kf1 f3 60.
Rc3 Kg3 61. Rc1 Rh2 0-1

[Event "Open Portugal 2019"]
[Site "Lisboa POR"]
[Date "2019.02.10"]
[Round "9.1"]
[White "Bilgüün, Sumiya"]
[Black "Iturrizaga, Eduardo"]
[Result "1/2-1/2"]
[WhiteElo "2471"]
[BlackElo "2640"]
[WhiteFideId "4901541"]
[BlackFideId "3901211"]
[WhiteTitle "IM"]
[BlackTitle "GM"]
[WhiteCountry "MGL"]
[BlackCountry "VEN"]
[PlyCount "20"]
[EventDate "2019.??.??"]

1. e4 c6 2. d4 d5 3. exd5 cxd5 4. Nf3 Nc6 5. Bd3 Nf6 6. c3 Bg4 7. Nbd2 e6 8. Nf1
Bh5 9. Ng3 Bg6 10. O-O Bd6 1/2-1/2

[Event "Open Portugal 2019"]
[Site "Lisboa POR"]
[Date "2019.02.10"]
[Round "9.2"]
[White "Motylev, Alexander"]
[Black "Stefansson, Hannes"]
[Result "1/2-1/2"]
[WhiteElo "2644"]
[BlackElo "2514"]
[WhiteFideId "4121830"]
[BlackFideId "2300087"]
[WhiteTitle "GM"]
[BlackTitle "GM"]
[WhiteCountry "RUS"]
[BlackCountry "ISL"]
[PlyCount "34"]
[EventDate "2019.??.??"]

1. e4 e5 2. Nf3 Nc6 3. Bb5 a6 4. Ba4 Nf6 5. O-O b5 6. Bb3 Bc5 7. c3 d6 8. Re1
O-O 9. d4 Bb6 10. Bg5 h6 11. Bh4 exd4 12. Nxd4 Ne5 13. Bd5 Rb8 14. Nd2 Bd7 15.
N2f3 Ng6 16. Bg3 Nxd5 17. exd5 Qf6 1/2-1/2

[Event "Open Portugal 2019"]
[Site "Lisboa POR"]
[Date "2019.02.10"]
[Round "9.5"]
[White "Terrieux, Kevin"]
[Black "Xu, Xiangyu"]
[Result "1/2-1/2"]
[WhiteElo "2459"]
[BlackElo "2565"]
[WhiteFideId "622591"]
[BlackFideId "8608288"]
[WhiteTitle "IM"]
[BlackTitle "GM"]
[WhiteCountry "FRA"]
[BlackCountry "CHN"]
[PlyCount "39"]
[EventDate "2019.??.??"]

1. d4 Nf6 2. c4 g6 3. Nc3 d5 4. Bg5 c5 5. Bxf6 exf6 6. e3 dxc4 7. Bxc4 cxd4 8.
Qxd4 Qxd4 9. exd4 Bb4 10. Nge2 Nd7 11. a3 Bxc3+ 12. Nxc3 Nb6 13. Bb3 O-O 14.
O-O-O Bf5 15. Rhe1 Rfe8 16. Bc2 Bxc2 17. Kxc2 Kf8 18. Rxe8+ Rxe8 19. Kd3 Rd8 20.
Re1 1/2-1/2

[Event "Open Portugal 2019"]
[Site "Lisboa POR"]
[Date "2019.02.10"]
[Round "9.17"]
[White "Korley, Kassa"]
[Black "Sande Edreira, José"]
[Result "1-0"]
[WhiteElo "2426"]
[BlackElo "2244"]
[WhiteFideId "2033801"]
[BlackFideId "2204487"]
[WhiteTitle "IM"]
[BlackTitle "FM"]
[WhiteCountry "DEN"]
[BlackCountry "ESP"]
[PlyCount "101"]
[EventDate "2019.??.??"]

1. d4 Nf6 2. Nf3 g6 3. c4 Bg7 4. Nc3 O-O 5. e4 d6 6. Be2 c5 7. O-O cxd4 8. Nxd4
Nc6 9. Be3 Bd7 10. Qd2 Nxd4 11. Bxd4 Bc6 12. f3 a5 13. b3 Nd7 14. Bxg7 Kxg7 15.
Kh1 Qb6 16. Rab1 Qc5 17. f4 Nf6 18. Bf3 a4 19. Rfc1 axb3 20. axb3 Kg8 21. b4
Qxc4 22. b5 Bxe4 23. Nxe4 Nxe4 24. Qe1 Nf2+ 25. Qxf2 Qxf4 26. Qe2 Rab8 27. Qxe7
b6 28. Bc6 Qe5 29. Re1 Qxe7 30. Rxe7 Kg7 31. Rf1 Rbc8 32. g4 h5 33. g5 h4 34.
Kg2 d5 35. Rd1 Rfd8 36. Rd4 Rd6 37. Kh3 Re6 38. Rxe6 fxe6 39. Kxh4 Kf7 40. Kg4
Ke7 41. h4 Kd6 42. Rf4 Rg8 43. Rf6 d4 44. Be4 Ke5 45. Bd3 Rc8 46. Bxg6 Rc1 47.
Bf7 Rg1+ 48. Kh5 d3 49. Rxe6+ Kf4 50. Rd6 Ke3 51. Bc4 1-0

[Event "Open Portugal 2019"]
[Site "Lisboa POR"]
[Date "2019.02.10"]
[Round "9.21"]
[White "Martín Duque, Jesus"]
[Black "Ranaldi, Lucas"]
[Result "0-1"]
[WhiteElo "2393"]
[BlackElo "2229"]
[WhiteFideId "2208954"]
[BlackFideId "1519484"]
[WhiteTitle "FM"]
[BlackTitle "FM"]
[WhiteCountry "ESP"]
[BlackCountry "NOR"]
[PlyCount "108"]
[EventDate "2019.??.??"]

1. e4 c6 2. d4 d5 3. e5 Bf5 4. Nf3 e6 5. Be2 c5 6. Be3 cxd4 7. Nxd4 Ne7 8. c3
Nbc6 9. f4 Nxd4 10. Bxd4 Nc6 11. Be3 h5 12. O-O h4 13. Nd2 Be7 14. Nf3 Rc8 15.
b4 a6 16. Rc1 g6 17. a4 Kf8 18. a5 Kg7 19. Qb3 Bg4 20. Qb2 Qd7 21. Rfd1 Rhd8 22.
Bf2 Rh8 23. h3 Bxf3 24. Bxf3 Rhd8 25. Bb6 Rh8 26. Rb1 Bd8 27. Bf2 Ne7 28. Be2
Qc6 29. Rbc1 b5 30. axb6 Bxb6 31. Bd3 Qb7 32. Ra1 Bxf2+ 33. Kxf2 Qb6+ 34. Ke2
Nf5 35. Bxf5 gxf5 36. Rd4 Rh6 37. Rad1 Rg6 38. Kf1 Rg3 39. R1d3 Qb5 40. Qd2 Kh6
41. Kg1 Rcg8 42. Rxg3 Rxg3 43. Kf2 Qc6 44. Rd3 d4 45. Rxg3 hxg3+ 46. Kf1 Qc4+
47. Ke1 dxc3 48. Qd8 Qe4+ 49. Kd1 Qd5+ 50. Qxd5 exd5 51. Kc2 d4 52. Kd3 Kg7 53.
Kc2 Kf8 54. Kd3 Ke7 0-1